Human Resources Management / (Record no. 1204)

MARC details
000 -LEADER
Fixed length control field 00494nam a2200181 4500
003 - CONTROL NUMBER IDENTIFIER
Control field SEACOMMC
005 - DATE AND TIME OF LATEST TRANSACTION
Control field 20250506114228.0
008 - FIXED-LENGTH DATA ELEMENTS--GENERAL INFORMATION
Fixed length control field 250422b |||||||| |||| 00| 0 eng d
020 ## - INTERNATIONAL STANDARD BOOK NUMBER / ISBN
International Standard Book Number 978-0-07-026363-5
Price Rs.295.00
040 ## - CATALOGING SOURCE
Original cataloging agency SEACOMMC
082 ## - DEWEY DECIMAL CLASSIFICATION NUMBER
Classification number 658.3
Book Number S 158
100 ## - MAIN ENTRY--PERSONAL NAME
Personal name Saiyadain, Mirza S
245 1# - TITLE STATEMENT
Title Human Resources Management /
Statement of responsibility Mirza S Saiyadain
250 ## - EDITION STATEMENT
Edition statement 4th ed.
260 ## - IMPRINT
Place of publication New Delhi
Name of publisher Tata McGraw-hill
Date of publication c 2009
650 ## - SUBJECT ADDED ENTRY--TOPICAL TERM
Topical term Personnel management
942 ## - ADDED ENTRY ELEMENTS (KOHA)
Koha item type Books
Holdings
Withdrawn status Lost status Source of classification Damaged status Not for loan Home library Current library Shelving location Date acquired Total Checkouts Call number Accession number Date last seen Price effective from Koha item type Copy number
    Dewey Decimal Classification     SEACOM MANAGEMENT COLLEGE SEACOM MANAGEMENT COLLEGE Reference 03/03/2009   658.3 S 158 M-2327 22/04/2025 22/04/2025 Reference Books  
    Dewey Decimal Classification     SEACOM MANAGEMENT COLLEGE SEACOM MANAGEMENT COLLEGE   03/03/2009   658.3 S 158 M-2328 22/04/2025 22/04/2025 Books 1
    Dewey Decimal Classification     SEACOM MANAGEMENT COLLEGE SEACOM MANAGEMENT COLLEGE   03/03/2009   658.3 S 158 M-2329 22/04/2025 22/04/2025 Books 2
    Dewey Decimal Classification     SEACOM MANAGEMENT COLLEGE SEACOM MANAGEMENT COLLEGE   03/03/2009   658.3 S 158 M-2330 22/04/2025 22/04/2025 Books 3
© Seacom Engineering College, All rights reserved.    Powered by Koha